|
|
|
|
| LEADER |
00620cam a2200193 7i4500 |
| 001 |
0000006799 |
| 005 |
20170218090000.0 |
| 020 |
|
|
|a 0030339138 (pbk.)
|
| 020 |
|
|
|a 9780030339134
|
| 090 |
0 |
0 |
|a HF5415.B53
|b B66 2002
|
| 100 |
1 |
|
|a Boon, Louis E
|
| 245 |
1 |
0 |
|a Contemporary marketing 2002
|c Louis E. Boone, David L. Kurtz.
|
| 260 |
|
|
|a Fort Worth:
|b Harcourt College,
|c 2002.
|
| 300 |
|
|
|a xxxiii, 619 p.:
|b ill.;
|c 28 cm..
|
| 490 |
0 |
|
|a Dryden Press series in marketing
|
| 650 |
0 |
0 |
|a Marketing
|
| 700 |
1 |
|
|a Kurtz, David L
|
| 997 |
|
|
|a Business & Accountancy, Faculty
|
| 999 |
|
|
|a 0000008973
|b BOK
|c OPEN SHELF
|e 1st Floor, Shah Alam
|